Perspectives on human security : (Record no. 126591)

MARC details
000 -LEADER
fixed length control field 00786nam a22002297a 4500
005 - DATE AND TIME OF LATEST TRANSACTION
control field 20170124110012.0
010 ## - LIBRARY OF CONGRESS CONTROL NUMBER
LC control number B-063157
020 ## - INTERNATIONAL STANDARD BOOK NUMBER
Terms of availability 00.00
International Standard Book Number 0968808301
035 ## - SYSTEM CONTROL NUMBER
System control number B-063157
037 ## - SOURCE OF ACQUISITION
Source of stock number/acquisition Cen Lib/Ret
040 ## - CATALOGING SOURCE
Original cataloging agency DPL
Language of cataloging EN
082 ## - DEWEY DECIMAL CLASSIFICATION NUMBER
Classification number 341
Item number PER
245 ## - TITLE STATEMENT
Title Perspectives on human security :
Statement of responsibility, etc edited by M. V. Naidu
Remainder of title national sovereignty and humanitarian intervention /
260 ## - PUBLICATION, DISTRIBUTION, ETC. (IMPRINT)
Name of publisher, distributor, etc CPREA
Place of publication, distribution, etc Canada
Date of publication, distribution, etc 2001
270 ## - ADDRESS
City Canada
Address CPREA c/o Brandon University, 270-18th Street, Brandon, Manitoba, Canada
300 ## - PHYSICAL DESCRIPTION
Extent xviii, 232p.
Dimensions 21cm(Hb)
500 ## - GENERAL NOTE
General note Includes bibliographical references and index
650 ## - SUBJECT ADDED ENTRY--TOPICAL TERM
Topical term or geographic name as entry element Security
Geographic subdivision National
9 (RLIN) 17921
650 ## - SUBJECT ADDED ENTRY--TOPICAL TERM
Topical term or geographic name as entry element Security
Geographic subdivision Human
9 (RLIN) 17922
700 ## - ADDED ENTRY--PERSONAL NAME
Personal name Naidu, M.V.
9 (RLIN) 73818
942 ## - ADDED ENTRY ELEMENTS (KOHA)
Source of classification or shelving scheme Dewey Decimal Classification
Koha item type English Books
Classification part 341
Call number suffix PER
Holdings
Withdrawn status Lost status Damaged status Not for loan Home library Current library Date acquired Source of acquisition Cost, normal purchase price Total Checkouts Full call number Barcode Date last seen Copy number Cost, replacement price Price effective from Koha item type
        Central Library Central Library 25/06/2015 Cen Lib/Ret 0.00   341 PER B-063157 25/06/2015 1 0.00 25/06/2015 English Books

© Delhi Public Library
Hit Counter
free hit counter